Movies Quiz

Random Movies or Quote Quiz

AFI Quotes - Word for Word IV Quiz Stats

Quiz Updated Apr 16, 2015

Challenge
Share
Tweet
Embed
Score 0/125 Timer 06:00
2 Plays Today
% Correct
I
96.3%
I
96.3%
I
96.3%
I
96.3%
I
96.3%
I
96.3%
a
94%
a
94%
a
94%
be
91.7%
be
91.7%
back.
89.3%
home.
89.2%
I'll
89%
E.T.
88.6%
here!
87.2%
Phone
87.1%
the
87%
the
87%
the
87%
the
87%
the
87%
the
87%
the
87%
Yo,
80.7%
Here's
80.7%
Johnny!
80.5%
My
80.4%
my
80.4%
my
80.4%
to
80.1%
to
80.1%
you?
78.7%
You
78.7%
Adrian!
75.1%
me.
72.2%
for
70%
for
70%
for
70%
Watson.
69.9%
dear
68.3%
Mr.
67.7%
% Correct
They're
67.5%
Mrs.
66.9%
Robinson,
65.5%
preciousss.
65.2%
seduce
63.9%
rob
63.8%
Elementary,
63.6%
trying
63%
you're
59.9%
Aren't
59.7%
We
56.7%
We
56.7%
I'm
55.7%
No
55.5%
need --
55.5%
need
55.5%
speed.
55%
of
53.7%
of
53.7%
of
53.7%
of
53.7%
of
53.7%
been
53.5%
been
53.5%
your
51.3%
feel
51.2%
contender.
50.4%
it
50.1%
coulda
49.4%
coulda
49.4%
could've
49.4%
have
49.2%
have
49.2%
on
47.2%
ready
44.9%
am.
44.6%
Toga!
44.3%
Toga!
44.3%
close-up.
44.2%
banks.
43.3%
is
42.7%
is
42.7%
% Correct
somebody,
39.3%
what
36.2%
DeMille
35.6%
hangers,
34.4%
wire
33.8%
bum,
33.4%
It's
33.1%
Ma!
32.9%
always
30.1%
ever!
29.4%
strangers.
29.1%
kindness
29%
instead
28.7%
world!
28%
Top
26.6%
night.
26.2%
going
25.9%
don't
25.5%
don't
25.5%
depended
24.3%
which
24.2%
All
24%
had
23.8%
bumpy
21.2%
Made
19.7%
right,
19.1%
Fasten
17.7%
seatbelts.
17.5%
class.
16.6%
let's
16.6%
this
16.1%
understand!
15%
stars.
12.4%
moon.
12.2%
Oh,
11.1%
end
10.8%
ask
9.1%
Mother
8.7%
Rico?
6.9%
mercy,
5.1%
Jerry,
4.8%

You're not logged in!

Compare scores with friends on all Sporcle quizzes.
Join for Free
OR
Log In

You Might Also Like...

Show Comments

Extras

Top Quizzes Today


Score Distribution

Your Account Isn't Verified!

In order to create a playlist on Sporcle, you need to verify the email address you used during registration. Go to your Sporcle Settings to finish the process.

Report this User

Report this user for behavior that violates our Community Guidelines.

Details: